000 00398nam a2200133 i 4500
001 bg
245 0 _aLogika formalna :
_bzarys encyklopedyczny z zastosowaniem do informatyki i lingwistyki /
_cpod red. W. Marciszewskiego.
260 _aWarszawa :
_bPańst. Wydaw. Naukowe,
_c1987.
650 9 _aLogika
040 _cBPK
041 _apol
942 _cKS
008 s pl f |000 0 pol
999 _c23677
_d23677
856 _uhttp://koha.tu.koszalin.pl/cgi-bin/koha/opac-detail.pl?biblionumber=23677
_yKatalog online BPK